00358nam a22001217a 4500020001500000040000900015082001700024100001900041245005800060250001700118260004300135650005800178 a9814126837 cNust a624.171bCON aRobert D. Cook aConcepts and Applications of Finite Element Analysis  a4th Edition  aUSA:bJohn Willey and sons Inc,c2001. aConcepts and Applications of Finite Element Analysis